书目信息 |
| 题名: |
汽车发动机原理
|
|
| 作者: | 陈雯 , 吴娜 主编 | |
| 分册: | ||
| 出版信息: | 北京 中国水利水电出版社 2016.5 |
|
| 页数: | 285页 | |
| 开本: | 26cm | |
| 丛书名: | ||
| 单 册: | ||
| 中图分类: | U464.11 | |
| 科图分类: | ||
| 主题词: | 汽车--发动机--理论--高等学校--教材 | |
| 电子资源: | ||
| ISBN: | 978-7-5170-4288-4 | |
| 000 | 01145nam0 2200265 450 | |
| 001 | 0400002531 | |
| 005 | 20171021105619.0 | |
| 010 | @a978-7-5170-4288-4@dCNY38.00 | |
| 100 | @a20160826e2016 em y0chiy50 ea | |
| 101 | 0 | @achi |
| 102 | @aCN@b110000 | |
| 105 | @aa z 000yy | |
| 106 | @ar | |
| 200 | 1 | @a汽车发动机原理@9qi che fa dong ji yuan li@f陈雯,吴娜主编 |
| 210 | @a北京@c中国水利水电出版社@d2016.5 | |
| 215 | @a285页@c图@d26cm | |
| 300 | @a应用技术型高等教育“十三五”规划教材 汽车类专业改革创新系列 | |
| 307 | @a实际页数为:286 | |
| 330 | @a本书根据教育部应用型本科教育改革要求编写。本书系统地介绍了汽车发动机的工作原理、性能评定以及技术进展情况等。其主要内容包括:工程热力学基础、发动机工作循环与性能指标、发动机的换气过程、燃料与燃烧、汽油机混合气的形成和燃烧、柴油机混合气的形成与燃烧、发动机特性、发动机废气涡轮增压和发动机的排放与控制等内容。每章前设有知识目标与能力目标,每章后附有知识训练与能力训练。 | |
| 606 | 0 | @a汽车@x发动机@x理论@x高等学校@j教材 |
| 690 | @aU464.11@v5 | |
| 701 | 0 | @a陈雯@9chen wen@4主编 |
| 701 | 0 | @a吴娜@9wu na@4主编 |
| 801 | 0 | @aCN@b91MARC@c20171021 |
| 905 | @b1021994-8@dU464.11@f5@e449 | |
| 汽车发动机原理/陈雯,吴娜主编.-北京:中国水利水电出版社,2016.5 |
| 285页:图;26cm |
| 应用技术型高等教育“十三五”规划教材 汽车类专业改革创新系列 |
| ISBN 978-7-5170-4288-4:CNY38.00 |
| 本书根据教育部应用型本科教育改革要求编写。本书系统地介绍了汽车发动机的工作原理、性能评定以及技术进展情况等。其主要内容包括:工程热力学基础、发动机工作循环与性能指标、发动机的换气过程、燃料与燃烧、汽油机混合气的形成和燃烧、柴油机混合气的形成与燃烧、发动机特性、发动机废气涡轮增压和发动机的排放与控制等内容。每章前设有知识目标与能力目标,每章后附有知识训练与能力训练。 |
| ● |
| 相关链接 |
|
|
|
|
正题名:汽车发动机原理
索取号:U464.11/449
 
预约/预借
| 序号 | 登录号 | 条形码 | 馆藏地/架位号 | 状态 | 备注 |
| 1 | 1021994 | 210219949 | 第二样本阅览室/ [索取号:U464.11/449] | 在馆 | |
| 2 | 1021995 | 210219958 | 密集书库-物理学院/ [索取号:U464.11/449] | 在馆 | |
| 3 | 1021996 | 210219967 | 第三借阅区/ [索取号:U464.11/449] | 在馆 | |
| 4 | 1021997 | 210219976 | 第三借阅区/ [索取号:U464.11/449] | 在馆 | |
| 5 | 1021998 | 210219985 | 第三借阅区/ [索取号:U464.11/449] | 在馆 |